000 00230nam a22001097a 4500
041 _aENG
100 _aGupta.M
245 _aVisual Basic
260 _aDelhi
_bNISCOM
_c1998
650 _aCompetitive (47)
856 _uCompetitive (47)
999 _c3055
_d3055